Los Pecosos
Wedi'i Gadw mewn:
| Prif Awdur: | |
|---|---|
| Fformat: | Llyfr |
| Iaith: | Sbaeneg |
| Cyhoeddwyd: |
Santiago
Universitaria
1990
|
| Rhifyn: | 15a. ed |
| Cyfres: | Colección El jardín de los sueños
|
| Pynciau: | |
| Tagiau: |
Ychwanegu Tag
Dim Tagiau, Byddwch y cyntaf i dagio'r cofnod hwn!
|
MARC
| LEADER | 00000nam a2200000 a 4500 | ||
|---|---|---|---|
| 001 | UCH7214 | ||
| 003 | CL-VaPUC | ||
| 008 | 091109e19900000CL |||||||||||||||||spa|d | ||
| 020 | |a 9561103108 | ||
| 082 | 0 | 4 | |a Ch863 |b PAZ |2 21 |
| 100 | |a Paz, Marcela |e autora |9 881017 | ||
| 245 | 1 | 4 | |a Los Pecosos |
| 250 | |a 15a. ed | ||
| 300 | |a 162 p | ||
| 942 | |c BK | ||
| 945 | |d 20091109 00:00:00 |a lazolas | ||
| 260 | |a Santiago |b Universitaria |c 1990 | ||
| 650 | 0 | |a Novelas chilenas |9 265425 | |
| 650 | 0 | |a Literatura chilena |9 308278 | |
| 583 | |a last modification |c 20091109 00:00:00 |k Rodrigo Vera | ||
| 490 | 0 | |a Colección El jardín de los sueños | |
| 999 | |c 337882 |d 337880 | ||